| 000 | 01250nam a2200361Ia 4500 | ||
|---|---|---|---|
| 001 | Z_6532 | ||
| 003 | CHAP | ||
| 005 | 20230927163023.0 | ||
| 008 | 220113s2012 xx 000 0 und d | ||
| 010 | _a169800 | ||
| 040 | _cCHAP | ||
| 090 | _aTesis C373 2286 | ||
| 100 |
_aCastañeda Chirinos, Saúl. _919896 |
||
| 245 |
_aDiagnóstico mineral de ganado bovino en condiciones de trópico húmedo / _cSaúl Castañeda Chirinos. |
||
| 260 |
_aMéxico : _bEl autor, _c2012 |
||
| 300 | _aCD | ||
| 502 | _aTesis (Maestro en Ciencias en Innovación Ganadera) -- UACh. 2012 \ Dirección: Maximino Huerta Bravo; asesoría: José Luis Zaragoza Ramírez y Gilberto Aranda Osorio | ||
| 650 |
_aAgua _92222 |
||
| 650 |
_aBovino _xdoble propósito. _9145085 |
||
| 650 |
_aForraje _9137922 |
||
| 650 |
_aGanado bovino _9138033 |
||
| 650 |
_aSuelo _9145086 |
||
| 650 |
_aSuero Sanguíneo _9110588 |
||
| 700 |
_a Aranda Osorio, Gilberto, asesor. _9142528 |
||
| 700 |
_a Zaragoza Ramírez, José Luis, asesor _9143249 |
||
| 700 |
_aHuerta Bravo, Maximino, director _9137817 |
||
| 856 | 4 | 2 |
_uhttp://10.13.5.2/tesis/115240.pdf _yDesacargar PDF |
| 901 | _aTESIS C373 2286 | ||
| 902 | _aM | ||
| 910 | _a2012 | ||
| 942 |
_c2 _2ddc |
||
| 942 |
_c2 _2ddc |
||
| 999 |
_c169800 _d169800 |
||